000 00924nam a2200229 a 4500
003 0
005 20250320111805.0
008 060802s19uu xx 00 eng d
050 _aPGS HD 7255.P6.E45
_b.P347 2006
100 _aPayumo, Alexa.
245 _aThe advantages and disadvantages of employing handicapped individuals in shopping malls of Las Piñas /
_cAlexa Payumo.
260 _aLas Piñas City, Philippines :
_bSouthville International School and Colleges,
_c2006.
300 _a33 pages :
_billustrations ;
_c28 cm.
504 _aIncludes bibliographical references.
650 _aPeople with disabilities
_vEmployment.
650 _aRetail trade
_vEmployment.
650 _aWorkplace diversity
_vDisabled employees.
650 _aShopping malls
_vEmployment policies.
650 _aSocial inclusion in the workplace.
650 _aPhilippines
_vEmployment of handicapped persons.
942 _2lcc
_cPASS
999 _c97534
_d97534